000 00379 a2200157 4500
001 155326
040 _cEscola São Tomás de Aquino
100 _aDANTE, Luiz Roberto
240 1 0 _aMatemática contexto & aplicações
_lpor
245 1 0 _aMatemática contexto & aplicações
300 _a416
362 0 _a2003
440 1 _aÁtica
697 _aMATEMÁTICA
942 _cBK
999 _c155326
_d155326